Un espejo en el que se reflejan tus alumnos cada mañana (Record no. 207552)

MARC details
000 -CABECERA
campo de control de longitud fija 01374cab a2200265 ab4500
005 - FECHA Y HORA DE LA ÚLTIMA TRANSACCIÓN
campo de control 20250827144111.0
008 - ELEMENTOS DE LONGITUD FIJA--INFORMACIÓN GENERAL
campo de control de longitud fija 991125c2016 mx qr p o 000 0 spa d
035 ## - NÚMERO DE CONTROL DEL SISTEMA
Número de control de sistema UPN01000235457
040 ## - FUENTE DE LA CATALOGACIÓN
Centro catalogador/agencia de origen MX-MxUPN
Lengua de catalogación spa
Centro/agencia transcriptor MX-MxUPN
Normas de descripción aacr2
049 ## - COLECCIÓN
Colección ART-E
100 1# - ASIENTO PRINCIPAL--NOMBRE PERSONAL
Nombre de persona Ayuso Fernández, Alejandro
Enlace - aafernandez34@gmail.com
245 10 - MENCIÓN DE TÍTULO
Título Un espejo en el que se reflejan tus alumnos cada mañana
Medio [recurso electrónico en línea]
506 0# - NOTA DE RESTRICCIONES AL ACCESO
Limitaciones de acceso Acceso abierto
520 3# - NOTA DE RESUMEN, ETC.
Sumario, etc. En el siguiente artículo se tratan las experiencias de prácticas a lo largo de los cuatro años del grado en Educación Primaria. Todas las vivencias, reflexiones acerca de lo aprendido tanto en la universidad como en los centros educativos son expuestas al mismo tiempo que el feedback recibido y la información aportada por los foros, profesores de los centros, supervisores de la Universidad y autorreflexión del alumno en prácticas. Padres y maestros
653 0# - TERMINO DE INDIZACION - NO CONTROLADO
Término no controlado Práctica docente
653 0# - TERMINO DE INDIZACION - NO CONTROLADO
Término no controlado Experiencias docentes
653 0# - TERMINO DE INDIZACION - NO CONTROLADO
Término no controlado Reflexión
653 0# - TERMINO DE INDIZACION - NO CONTROLADO
Término no controlado Vocación
773 ## - ENLACE AL DOCUMENTO FUENTE/ENTRADA DE REGISTRO ANFITRIÓN
Parte(s) relacionada(s) No. 367, (2016), p. 56-59
Título Revista padres y maestros 
Número Internacional Normalizado para Publicaciones Seriadas 2255-1042
856 4# - LOCALIZACIÓN Y ACCESO ELECTRÓNICOS
Identificador Uniforme del Recurso <a href="https://revistas.comillas.edu/index.php/padresymaestros/article/view/7125/6958">https://revistas.comillas.edu/index.php/padresymaestros/article/view/7125/6958</a>
856 4# - LOCALIZACIÓN Y ACCESO ELECTRÓNICOS
Identificador Uniforme del Recurso <a href="https://doi.org/10.14422/pym.i367.y2016.010">https://doi.org/10.14422/pym.i367.y2016.010</a>
902 ## - ELEMENTOS DE DATOS B LOCAL, LDB (RLIN)
Creó Leonor Sotres/270825
905 ## - TIPO DE MATERIAL
Tipo de material Articulo
942 ## - ELEMENTOS DE PUNTO DE ACCESO ADICIONAL (KOHA)
Tipo de ítem Koha Artículo Electrónico
Holdings
Estado de retiro Estado de pérdida Estado dañado No para préstamo Código de colección Localización permanente Ubicación/localización actual Ubicación en estantería Fecha de adquisición Total de préstamos Fecha visto por última vez Identificador Uniforme del Recurso Precio válido a partir de Tipo de ítem Koha
        Acceso abierto Bib. Gregorio Torres Quintero Bib. Gregorio Torres Quintero En línea 27/08/2025   27/08/2025 https://doi.org/10.14422/pym.i367.y2016.010 27/08/2025 Artículo Electrónico